1590 1331 1291 1616 1275 1779 1521 1963 1074 1240 1022 1539 1999 1375 1702 1745 1210 1022 1496 1312 1718 1956 1125 1380 1677 1424 1171 1684 1870 1022 1674 1864 1844 1386 1525 1111 1790 1482 1986 1115 1482 1362 1502 1825 1105 1944 1615 1664 1695 1799 1748 1462 1979 1453 1806 1627 1107 1942 1034 1982 1614 1919 1734 1687 1632 1647 1397 1918 1051 1338 1940 1145 1954 1656 1853 1128 1563 1695 1629 1725 1869 1640 1480 1640 1929 1389 1944 1915 1621 1886 1209 1941 1060 1069 1017 1951 1165 1151 1148 BCNSPRNW ULIB Ver.6.0+V

เปลี่ยนเป็นภาษาไทย

Change to English
 แสดงรายละเอียดบรรณานุกรม
  กลับหน้าหลัก

Brief Record : Get Marc (ISO 2709) : E-mail record : QR code < ปิดหน้าต่าง
LEADER : 00000nam 2200000uu 4500
001    13399111545
003     ULIB
008    110630s||||||||th 000 0 tha d
020    9789743001697
050  4 BQ4190^bส733ห 2552
100 0  สีใบตอง บุญประดับ
245 10 หนังสือประกอบการดำเนินงานโครงการ "คืนมนุษย์สู่เหย้าเพื่อเฝ้าเมือง" เพื่อสร้างเมืองศีล 5 และโรงเรียน "รักเหนือรัก" ในระดับศีล 5ถวายการเทิดพระเกียรติพระบาทสมเด็จพระเจ้าอยู่หัวเนื่องในวโรกาสวันเฉลิมพระชนมพรรณา 5 ธันวาคม ทุกปี /^cโดย สีใบตอง บุญประดับ ; บรรณาธิการ, วรรษา คำรณยุทธ
250    พิมพ์ครั้งที่ 1
260    ปทุมธานี :^bบ้านเกื้อรัก,^c2552
300    375 หน้า :^bภาพประกอบสี ;^c30 ซม.
700 0  วรรษา คำรณยุทธ,^eบรรณาธิการ
945    ^p0^l0^i029115
995    ทศพร
999 ^a ใช้งานได้ทุกระบบ
รายการนี้ยังไม่มีแท็ก
คุณยังไม่ได้ล็อกอิน คุณสามารถมีกิจกรรมร่วมกับเว็บไซต์ได้ แต่ต้องล็อกอินก่อน ::
  ล็อกอิน

รายการสื่อสารสนเทศ

ลำดับที่ ประเภท เลขเรียก/บาร์โค้ด สถานที่ สถานะ
- ไม่พบข้อมูล -

รายการใกล้เคียง
    ผู้แต่ง [สีใบตอง บุญประดับ]

BibComment


ยังไม่เคยถูกคอมเมนท์

คอมเมนท์ทรัพยากรรายการนี้
  คอมเมนท์: หนังสือประกอบการด..


 Copyright 2026. Bcnsprnw @Library